000 00654nam a2200193 i 4500
001 36707
003 ES-MaACL
005 20250514194821.0
007 t|
008 030219s1977 sp ||||1| spa d
100 1 _aBousoño, Carlos,
_d1923-2015
_931032
245 1 3 _aEl irracionalismo poético
_b: (el símbolo) /
_cCarlos Bousoño.
260 _aMadrid :
_bGredos,
_c[1977]
300 _a457 p. ;
_c20 cm.
490 1 _aBiblioteca románica hispánica. II. Estudios y ensayos ;
_v271
830 0 _aBiblioteca románica hispánica. II. Estudios y ensayos ;
_v271
_9178108
852 _aES-MaACL
_jA-7821
_bR.96881
999 _c36707
_d36707